| 000 | 00620nam a2200217 a 4500 | ||
|---|---|---|---|
| 001 | BRCA_6630 | ||
| 005 | 20190320205532.0 | ||
| 008 | 101011s1910----gw-ab#####---#000-0#ger-# | ||
| 041 | _ager | ||
| 044 | _agw | ||
| 050 | 4 |
_aQB44 _b.N49 1910 |
|
| 100 | 1 |
_aNewcomb, Simon _d1835-1909 _916609 |
|
| 245 | 1 | 0 |
_aSimon Newcomb’s _bAstronomie für jedermann _cSimon Newcomb. |
| 260 |
_aJena, Alemania _bGustav Fischer _c1910 |
||
| 300 |
_ax, 366 p. _bil., mapas _c22 cm. |
||
| 500 | _aIncluye índice lafabético y lista de ilustraciones | ||
| 500 | _aL121 | ||
| 650 | 1 | 4 |
_aAstronomía _97908 |
| 902 | _aGFM | ||
| 942 |
_2lcc _cB |
||
| 999 |
_c6314 _d6314 |
||